000 00736nam a2200241Ia 4500
003 OSt
005 20220926001525.0
006 a|||||r|||| 00| 0
007 ta
008 220923b |||||||| |||| 00| 0 eng d
037 _cGeneral Book
040 _aRTL
_cRTL
_beng
041 _2eng
_aeng
082 _aX71:8F.2.N94<N93r, N4/GD
110 _aINDIA, POWER (Ministry of-)
_9304165
245 0 _aPublic accounts committee (1993-94)
_b 54th report
260 _a New Delhi
_bLok Sabha secretariat
_c1994
300 _aviii,51p.
_ccm.
500 _aAppendix :43-51p.
700 _aINDIA, POWER (Ministry of-)
_9304166
942 _hX71:8F.2.N94<N93r, N4/GD
_cGB
_2CC
999 _c601804
_d601804